Statistics for Guess the Animal From its Eye

Click here to take the quiz!

General Stats

  • This quiz has been taken 44 times
  • The average score is 8 of 12

Answer Stats

Answer% Correct
Koala
97%
Pig
89%
Crocodile
86%
Crow
81%
Chicken
78%
Hyena
67%
Puffin
67%
Sloth
61%
Hedgehog
58%
Donkey
39%
Impala
28%
Flamingo
22%

Score Distribution

Percentile by Number Answered

Percent of People with Each Score

Your Score History

You have not taken this quiz